Представление документа в формате RUSMARC

ПолеНазваниеЗначение
  Тип записи c
  Библиографический уровень m
001 Контрольный номер RU/IS/BASE/670608657
005 Дата корректировки 20250520124932.2
010 Индекс ISBN __
9 Тираж 15000 экз.
013 Номер (ISMN) __
d Цена 75 к.
071 Издательские номер (звукозапись и ноты) 21
a Номер, присвоенный агентством 31028
100 Данные общей обработки __
a Данные общей обработки 20210401d1964 u y0rusy0189||||ca
101 Язык документа 0_
a Язык текста rus
a Язык текста ita
f Язык титульного листа rus
102 Страна публикации __
a Страна публикации RU
105 Кодированные данные (монография) __
a Кодированные данные (монография) y###||||000|y
125 Кодированные данные звукозаписи и нотных изданий __
a Форма изложения нотного текста с|
128 Кодированные данные (звукозаписи-физические характеристики) __
a Кодированные данные: Музыкальная форма и тональность или лад ccn
b Инструменты или голоса, необходимые для ансамблей (устаревшее) ka||
c Инструменты или голоса, рекомендуемые для солистов (устаревшее) vu||
200 Заглавие и сведения об ответственности 1_
a Заглавие Песни итальянских композиторов
b Общее обозначение материала Ноты
e Сведения, относящиеся к заглавию для голоса в сопровожд. фп. или баяна
f Первые сведения об ответственности сост. М. Липский
g Последующие сведения об ответственности рус. текст Б. Спитковского и Г. Фере
z Язык параллельного заглавия ita
210 Выходные данные 1_
a Место издания Москва
c Издательство Музыка
d Дата издания 1964
215 Физическое описание __
a Объем 60 с.
d Формат 29 см
300 Общие примечания __
a Общие примечания На обл. : Поём и танцуем
300 Общие примечания __
a Общие примечания Текст на рус. и итал. яз.
327 Примечание о содержании 11
a Примечание о содержании Содерж. : Модуньо Д. О свободе петь / сл. Дж. Мильяччи и Д. Модуньо ; транскр. М. Липского ; Озорница / сл. Р. Паццалья ; рус. текст В. Типота и Б. Спитковского. - Салерни К. и М. Серенада про "Да" и "Нет" / сл. Р. Дура ; рус. текст Б. Спитковского и Г. Фере ; транскр. М. Липского. - Прус У. Джульетта / сл. Лидианни и Ардьенте. - Таккани С. Без тебя / сл. У. Бертини ; транскр. М. Липского. - Модуньо Д. Не уходи! / сл. Верде и Д. Модуньо. - Низа и Кализе. Чудо-девушка / сл. Низа и Кализе ; транскр. М. Липского. - Коццоли Р. и Компари Дж. Скоро двенадцать / сл. А. Теста. - Фанчулли Дж. Что такое любовь? / сл. Дж. К. Тестони. - Рендине Ф. Кто же в этом виноват? / сл. В. Капилло ; обраб. В. Букина. - Ромео А. Моя тайна / сл. В. Аннона. - Маццокко С. Колыбельная Неаполю / сл. У. Мартуччи. - Казадеи А. На свете ты одна только такая / сл. Беретта и Спеккия ; транскр. М. Липского. - Альфиери Е. Лунатики / сл. Дж. Пизано. - Рашель Р. Романтики / сл. Д. Верде. - Ванкери В. Вот именно такой / сл. В. Ванкери.
464 Аналитический уровень _0
1 2001
a О свободе петь
e Светает... Уставший за ночь, ласково...
1 700 1
a Модуньо
b Д.
1 702 1
a Мильяччи
b Дж.
4 520
1 702 1
a Модуньо
b Д.
4 520
1 702 1
a Липский
b М.
4 030
464 Аналитический уровень _0
1 2001
a Серенада про "Да" и "Нет"
e Гитара под окном всю ночь поет...
1 700 1
a Салерни
b К. и М.
1 702 1
a Дур
b Р.
4 520
1 702 1
a Спитковский
b Б.
4 730
1 702 1
a Фере
b Г.
4 730
1 702 1
a Липский
b М.
4 030
464 Аналитический уровень _0
1 2001
a Джульетта
e Как красив твой наряд...
1 700 1
a Прус
b У.
1 702 1
a Лидианни
4 520
1 702 1
a Ардьенте
4 520
464 Аналитический уровень _0
1 2001
a Без тебя
e Командовать хотела мною властно...
1 700 1
a Таккани
b С.
1 702 1
a Бертини
b У.
4 520
1 702 1
a Липский
b М.
4 030
464 Аналитический уровень _0
1 2001
a Не уходи!
e Останься... Останься... Останься...
1 700 1
a Модуньо
b Д.
1 702 1
a Верде
4 520
1 702 1
a Модуньо
b Д.
4 520
464 Аналитический уровень _0
1 2001
a Чудо-девушка
e Вся улица любуется...
1 700 1
a Низа
1 701 1
a Кализе
1 702 1
a Низа
4 520
1 702 1
a Кализе
4 520
1 702 1
a Липский
b М.
4 030
464 Аналитический уровень _0
1 2001
a Скоро двенадцать...
e Скоро двенадцать...
1 700 1
a Коццоли
b Р.
1 701 1
a Компари
b Дж.
1 702 1
a Теста
b А.
4 520
464 Аналитический уровень _0
1 2001
a Что такое любовь?
e Часто себе задаю я извечный вопрос...
1 700 1
a Фанчулли
b Дж.
1 702 1
a Тестони
b Дж. К.
4 520
464 Аналитический уровень _0
1 2001
a Кто же в этом виноват?
e Ах, не искать бы тебе после свадьбы...
1 700 1
a Рендине
b Ф.
1 702 1
a Капилло
b В.
4 520
1 702 1
a Букин
b В.
4 030
464 Аналитический уровень _0
1 2001
a Моя тайна
e Я жду тебя часами...
1 700 1
a Ромео
b А.
1 702 1
a Аннона
b В.
4 520
464 Аналитический уровень _0
1 2001
a Колыбельная Неаполю
e Затихает Неаполь усталый...
1 700 1
a Маццокко
b С.
1 702 1
a Мартуччи
b У.
4 520
464 Аналитический уровень _0
1 2001
a На свете ты одна только такая...
e Каждый день заря сгорает...
1 700 1
a Казадеи
b А.
1 702 1
a Беретта
4 520
1 702 1
a Спеккия
4 520
1 702 1
a Липский
b М.
4 030
464 Аналитический уровень _0
1 2001
a Лунатики
e В Джованни влюбилась я...
1 700 1
a Альфиери
b Е.
1 702 1
a Пизано
b Дж.
4 520
464 Аналитический уровень _0
1 2001
a Романтики
e С тобою рядом проходить лесной тропою...
1 700 1
a Рашель
b Р.
1 702 1
a Верде
b Д.
4 520
464 Аналитический уровень _0
1 2001
a Вот именно такой
e О нем я мечтала...
1 700 1
a Ванкери
b В.
1 702 1
a Ванкери
b В.
4 520
464 Аналитический уровень _0
1 2001
a Озорница
e Учебники под мышкой...
1 700 1
a Модуньо
b Д.
1 702 1
a Паццалья
b Р.
4 520
1 702 1
a Типот
b В.
4 730
1 702 1
a Спитковский
b Б.
4 730
512 Заглавие обложки 1_
a Заглавие обложки Песни итальянских композиторов
517 Другие варианты заглавия 1_
a Другие варианты заглавия Поём и танцуем
606 Тематические рубрики 0_
a Основная рубрика Песни итальянских композиторов
610 Ключевые слова 0_
a Ключевые слова песни итальянских композиторов
686 Индексы других классификаций __
a Классификационный индекс 85.943.4-42-041.5(3)я43
a Классификационный индекс 85.943.4-46-041.5(3)я43
2 Код системы rubbk
702 Вторичная интеллектуальная ответственность _1
a Фамилия Липский
b Имя (инициалы) М. А.
4 Код отношения 220
702 Вторичная интеллектуальная ответственность _1
a Фамилия Спитковский
b Имя (инициалы) Б.
4 Код отношения 730
702 Вторичная интеллектуальная ответственность _1
a Фамилия Фере
b Имя (инициалы) Г.
4 Код отношения 730
801 Источник записи _0
a Страна RU
b Организация Ульяновская ОНБ
c Дата составления 20210401
g Правила каталогизации RCR
801 Источник записи _1
a Страна RU
b Организация Ульяновская ОНБ
c Дата составления 20210401
g Правила каталогизации RCR
901 Тип документа __
t Тип документа m
909 Создатель записи __
a Создатель записи Грязнова И. Е.
938 Служебная информация __
a Имя БД noti
b Имя библиотеки УОНБ
c Имя АИБС МАРК-SQL
d Номер DOC_ID в БД 23708